Gulla and the Hangul / (Record no. 33149)

MARC details
000 -LEADER
fixed length control field 01372nam a22002655a 4500
005 - DATE AND TIME OF LATEST TRANSACTION
control field 20091217155310.0
008 - FIXED-LENGTH DATA ELEMENTS--GENERAL INFORMATION
fixed length control field 091120t20092006paua j 001 0 eng
010 ## - LCCN (DPL NO)
LC control number B-379632-634
020 ## - INTERNATIONAL STANDARD BOOK NUMBER
International Standard Book Number 9788181466150
Terms of availability 125.00
035 ## - SYSTEM CONTROL NUMBER
System control number B-379632-634
037 ## - SOURCE OF ACQUISITION
Source of stock number/acquisition IPD Alternatives
040 ## - CATALOGING SOURCE
Original cataloging agency dpl
Language of cataloging English
082 ## - DEWEY DECIMAL CLASSIFICATION NUMBER
Classification number S
100 ## - MAIN ENTRY--PERSONAL NAME
Personal name Karim-Ahlawat, Mariam
245 ## - TITLE STATEMENT
Title Gulla and the Hangul /
Statement of responsibility, etc by Mariam Karim-Ahlawat; illustrated by Proiti Roy
260 ## - PUBLICATION, DISTRIBUTION, ETC. (IMPRINT)
Place of publication, distribution, etc Chennai
Name of publisher, distributor, etc Tulika Publisers
Date of publication, distribution, etc 2008
270 ## - ADDRESS
Address 13 Prithvi Avenue First Street, Abhiramapuram
City Chennai
Postal code 600018
300 ## - PHYSICAL DESCRIPTION
Extent unpaged :
Other physical details ill.
Dimensions 28cm(pbk)
700 ## - ADDED ENTRY--PERSONAL NAME
Personal name Roy, Proiti
942 ## - ADDED ENTRY ELEMENTS (KOHA)
Source of classification or shelving scheme Dewey Decimal Classification
Item type Children Books
Call number suffix KAR
Classification part S
Holdings
Withdrawn status Lost status Source of classification or shelving scheme Damaged status Not for loan Collection code Home library Current library Date acquired Source of acquisition Cost, normal purchase price Total Checkouts Full call number Barcode Date last seen Copy number Cost, replacement price Koha item type
    Dewey Decimal Classification     Fiction Janak Puri Janak Puri 22/05/2010 IPD Alternatives/10655/17.2.10/164/27.1.10/3.3.10 125.00 9 S KAR B-379632 28/10/2013 1 125.00 Children Books
    Dewey Decimal Classification     Fiction Shahdara Branch Shahdara Branch 22/05/2010 IPD Alternatives/10655/17.2.10/164/27.1.10/3.3.10 125.00 1 S KAR B-379634 21/06/2019 1 125.00 CD-ROMs, DVDs, VHS
    Dewey Decimal Classification     Fiction Vinoba Puri Vinoba Puri 22/05/2010 IPD Alternatives/10655/17.2.10/164/27.1.10/3.3.10 125.00 1 S KAR B-379633 27/07/2015 1 125.00 CD-ROMs, DVDs, VHS

© Delhi Public Library
Hit Counter
free hit counter